| 000 | 00494nam a2200193 a 4500 | ||
|---|---|---|---|
| 005 | 20251212063925.0 | ||
| 008 | 050523s2001 000 eng d | ||
| 020 | _a9701853202 | ||
| 035 | _aUPN01000140276 | ||
| 049 | _aCG | ||
| 050 | 4 |
_aGV1446 _bH4.2 |
|
| 100 | 1 | _aHelguera, Luis Ignacio | |
| 245 | 1 | 3 |
_aEl ajedrez / _cLuis Ignacio Helguera. |
| 260 |
_aMéxico : _bCONACULTA, _c2001. |
||
| 300 |
_a59 p. : _bil. |
||
| 440 | 0 | _aTercer milenio | |
| 650 | 2 |
_aAjedrez _91976 |
|
| 905 | _aLibro | ||
| 999 |
_c112424 _d112424 |
||